Gerbe de sang : / (Record no. 18434)
[ view plain ]
| 000 -CABECERA | |
|---|---|
| campo de control de longitud fija | 00492cam a2200157 a 4500 |
| 001 - NÚMERO DE CONTROL | |
| campo de control | 000018916 |
| 005 - FECHA Y HORA DE LA ÚLTIMA TRANSACCIÓN | |
| campo de control | 20200929165900.0 |
| 008 - DATOS DE LONGITUD FIJA--INFORMACIÓN GENERAL | |
| campo de control de longitud fija | 970210s1947 ht 000 0 fre d |
| 040 ## - FUENTE DE LA CATALOGACIÓN | |
| Centro catalogador/agencia de origen | DO-SdBNP |
| Lengua de catalogación | spa |
| Centro/agencia transcriptor | BNPHU |
| 100 1# - ENTRADA PRINCIPAL--NOMBRE DE PERSONA | |
| Nombre de persona | Depestre, René. |
| 9 (RLIN) | 28671 |
| 245 10 - MENCIÓN DE TÍTULO | |
| Título | Gerbe de sang : / |
| Mención de responsabilidad, etc. | René Depestre; préface de René Belance /. |
| 260 ## - PUBLICACIÓN, DISTRIBUCIÓN, ETC. | |
| Lugar de publicación, distribución, etc. | Port-au-Prince, Haiti : |
| Nombre del editor, distribuidor, etc. | Impr. de l'état, |
| Fecha de publicación, distribución, etc. | [1947]. |
| 300 ## - DESCRIPCIÓN FÍSICA | |
| Extensión | 126 p. ; |
| Dimensiones | 21 cm. |
| 490 1# - MENCIÓN DE SERIE | |
| Mención de serie | "La vie violente" |
| 830 #0 - PUNTO DE ACCESO ADICIONAL DE SERIE-TÍTULO UNIFORME | |
| Título uniforme | "La vie violente" |
| 9 (RLIN) | 40717 |
| Estado de retiro | Estado de pérdida | Restricciones de uso | No para préstamo | Código de colección | Localización permanente | Ubicación/localización actual | Ubicación en estantería | Fecha de adquisición | Número de inventario | Total de préstamos | Signatura topográfica completa | Código de barras | Fecha visto por última vez | Precio válido a partir de | Tipo de ítem Koha |
|---|---|---|---|---|---|---|---|---|---|---|---|---|---|---|---|
| Excluido de préstamo | Monografías: Libros y Folletos | General | General | En catalogación | 20.05.2010 | LF1 | 18916-10 | 25.06.2020 | 25.06.2020 | No se presta |
